[Event "BOL-ch (Women)"]
[Site "Sucre"]
[Date "2018.01.11"]
[Round "2"]
[White "Toro, Ambar"]
[Black "Prado, Alexandra"]
[Result "0-1"]
[WhiteElo "1533"]
[BlackElo "1855"]
[PlyCount "80"]
[EventDate "2018.01.11"]
[EventType "tourn"]
[EventRounds "7"]
[EventCountry "BOL"]
[SourceTitle "EXT 2019"]
[Source "ChessBase"]
[SourceDate "2018.10.10"]
[SourceVersion "1"]
[SourceVersionDate "2018.10.10"]
[SourceQuality "1"]

1. d4 Nf6 2. Nf3 g6 3. Bf4 Bg7 4. e3 d6 5. Bc4 a6 6. Nc3 b5 7. Bd3 Bb7 8. a3 Nbd7 9. Qe2 c5 10. Qd1 0-0 11. Be2 Rc8 12. dxc5 Nxc5 13. 0-0 Qb6 14. Nd2 Rfd8 15. Rb1 e5 16. Bg3 Ne6 17. Bh4 d5 18. Na2 d4 19. e4 Nf4 20. Bd3 Rc7 21. Nf3 Qe6 22. b3 Qg4 23. Bg3 Nxe4 24. h3 Qc8 25. Bxf4 exf4 26. Re1 f5 27. Nd2 Nc5 28. Be2 d3 29. cxd3 Nxd3 30. Bxd3 Rxd3 31. Qe2 Rd8 32. Rbc1 Rxc1 33. Rxc1 Qd7 34. Nb1 Qd5 35. f3 Qxb3 36. Nb4 Qe3+ 37. Qxe3 fxe3 38. Rc7 Rd1+ 39. Kh2 Be5+ 40. g3 Bxc7 0-1

[Event "BOL-ch (Women)"]
[Site "Cobija"]
[Date "2015.07.25"]
[Round "5"]
[White "Toro, Ambar"]
[Black "Monroy Garzon, Nataly Alejandra"]
[Result "1/2-1/2"]
[WhiteElo "1460"]
[BlackElo "1837"]
[PlyCount "152"]
[EventDate "2015.07.22"]
[EventType "tourn"]
[EventRounds "5"]
[EventCountry "BOL"]
[SourceTitle "CBM 167 Extra"]
[Source "ChessBase"]
[SourceDate "2015.09.14"]
[SourceVersion "1"]
[SourceVersionDate "2015.09.14"]
[SourceQuality "1"]

1. d4 Nf6 2. c4 g6 3. Nc3 Bg7 4. Nf3 0-0 5. Bg5 d6 6. Qd2 Re8 7. 0-0-0 a6 8. h4 h5 9. e4 Nbd7 10. Nh2 Nf8 11. f3 N8h7 12. Bh6 Bh8 13. Be2 c6 14. g4 b5 15. gxh5 Nxh5 16. f4 Ng3 17. Rhg1 Nxe2+ 18. Qxe2 e6 19. h5 Bg7 20. hxg6 Bxh6 21. gxh7+ Kh8 22. Qh5 Qf6 23. Ng4 Bxf4+ 24. Kb1 Qg6 25. Qxg6 fxg6 26. Nf6 g5 27. Nxe8 Kxh7 28. cxb5 cxb5 29. Nf6+ Kg6 30. Ng4 Bb7 31. Rdf1 b4 32. Ne2 Bxe4+ 33. Ka1 e5 34. Nf2 Bf5 35. dxe5 dxe5 36. Ng3 Bc2 37. Re1 b3 38. axb3 Rd8 39. b4 Rd4 40. Ne2 Rxb4 41. Nc3 Bf5 42. Ka2 Be6+ 43. Ka1 Bf5 44. Ka2 a5 45. Re2 Be6+ 46. Ka3 Rd4 47. Nfe4 g4 48. Reg2 Bf5 49. Re2 Rb4 50. Nf2 Kg5 51. Nce4+ Bxe4 52. Rxe4 g3 53. Rxb4 axb4+ 54. Kxb4 Bd2+ 55. Kb5 Bf4 56. b4 Kf5 57. Nh1 Kg4 58. Kc6 Kh3 59. Nxg3 Bxg3 60. b5 e4 61. b6 e3 62. Rxg3+ Kxg3 63. b7 e2 64. b8Q+ Kf2 65. Qf4+ Kg1 66. Qg3+ Kf1 67. Qf4+ Kg1 68. Qg4+ Kf2 69. Qh4+ Kf1 70. Qc4 Kf2 71. Qh4+ Kf1 72. Qh1+ Kf2 73. Qh4+ Kf1 74. Qc4 Kf2 75. Qd4+ Kf1 76. Qd3 Kf2 1/2-1/2

[Event "BOL-ch (Women)"]
[Site "Cobija"]
[Date "2015.07.23"]
[Round "3"]
[White "Toro, Ambar"]
[Black "Basto, Suely"]
[Result "0-1"]
[WhiteElo "1460"]
[BlackElo "1814"]
[PlyCount "178"]
[EventDate "2015.07.22"]
[EventType "tourn"]
[EventRounds "5"]
[EventCountry "BOL"]
[SourceTitle "CBM 167 Extra"]
[Source "ChessBase"]
[SourceDate "2015.09.14"]
[SourceVersion "1"]
[SourceVersionDate "2015.09.14"]
[SourceQuality "1"]

1. d4 Nf6 2. c4 g6 3. Nc3 Bg7 4. Bg5 d6 5. Nf3 h6 6. Bd2 Nfd7 7. e3 e5 8. Qc2 Nc6 9. d5 Ne7 10. Rc1 f5 11. e4 Nf6 12. Bd3 f4 13. g3 fxg3 14. hxg3 Ng4 15. Nh2 h5 16. Nxg4 Bxg4 17. Be3 b6 18. Rh2 Ng8 19. Be2 Bd7 20. Kd2 Bh6 21. Qd3 Bxe3+ 22. Qxe3 Nh6 23. Rch1 Nf7 24. Rf1 a6 25. Kc2 Qe7 26. f4 0-0-0 27. c5 dxc5 28. Bxa6+ Kb8 29. Qd3 Nd6 30. a4 Rde8 31. Re2 h4 32. fxe5 Qxe5 33. gxh4 Rxh4 34. Rfe1 Rh3 35. Re3 Rh2+ 36. Kb3 Rf8 37. R1e2 Rxe2 38. Rxe2 g5 39. Rg2 g4 40. Qe3 Rf3 41. Qh6 Nxe4 42. Qh7 Qxd5+ 43. Ka3 Nxc3 44. Qh8+ Ka7 45. bxc3 Rxc3+ 46. Qxc3 Qxg2 47. Bd3 Bc8 48. a5 Qc6 49. axb6+ cxb6 50. Kb3 Be6+ 51. Kb2 Qg2+ 52. Bc2 Qe2 53. Kc1 Qf1+ 54. Kb2 Qb5+ 55. Kc1 Qc4 56. Qa1+ Kb7 57. Qg7+ Kc6 58. Qg6 Kd7 59. Qg7+ Kd6 60. Qf8+ Kc6 61. Qe8+ Bd7 62. Qa8+ Kb5 63. Qa3 Qf4+ 64. Kb2 Qb4+ 65. Qxb4+ Kxb4 66. Be4 c4 67. Kc2 Ba4+ 68. Kb2 c3+ 69. Kb1 g3 70. Kc1 b5 71. Kb1 Kc4 72. Kc1 b4 73. Kb1 Kd4 74. Bg2 Kd3 75. Kc1 Ke2 76. Kb1 Kf2 77. Be4 g2 78. Ka2 b3+ 79. Ka3 g1Q 80. Kxa4 b2 81. Kb3 b1Q+ 82. Bxb1 Qxb1+ 83. Kxc3 Qe4 84. Kd2 Qe3+ 85. Kd1 Qe2+ 86. Kc1 Ke3 87. Kb1 Kd3 88. Ka1 Kc3 89. Kb1 Qb2# 0-1